000 01163cam a2200133 4500500
005 20251214004317.0
041 _afre
042 _adc
100 1 0 _aMonier, Frédéric
_eauthor
245 0 0 _aLéon Blum : La morale et le pouvoir
260 _bArmand Colin,
_c2016.
520 _aCette biographie de Léon Blum propose de faire la synthèse du parcours d’un homme qui incarne, entre Jaurès et Mitterrand, le socialisme français.  On redécouvre l’importance d’une figure atypique d’intellectuel engagé dans la politique, bien plus complexe que l’image que nous avons conservé à travers la mémoire du Front populaire ; on mesure aussi à quel point l’engagement démocratique et réformiste qui était le sien à été mal compris.Ce sont toutes les faiblesses d’une gauche française peu apte à faire coincider l’exercice du pouvoir avec ses vues éthiques, mais aussi la longue résistance de pans entiers de la société française aux évolutions nécessaires  de la gouvernance que ce livre donne à mieux comprendre. 
856 4 1 _uhttps://shs.cairn.info/leon-blum--9782200355890?lang=fr&redirect-ssocas=7080
999 _c1568424
_d1568424